| 000 | 01113cam a22003014a 4500 | ||
|---|---|---|---|
| 001 | 12999258 | ||
| 003 | ARRUPE | ||
| 005 | 20141210175826.0 | ||
| 008 | 021112s2003 enk b 001 0 eng | ||
| 010 | _a 2002042676 | ||
| 020 | _a0754631621 (alk. paper) | ||
| 020 | _a075463163X (pbk. : alk. paper) | ||
| 040 |
_aDLC _cDLC _dDLC |
||
| 042 | _apcc | ||
| 050 | 0 | 0 |
_aBX7260.E3 _bJ665 2003 |
| 082 | 0 | 0 |
_a230/.58/092 _221 |
| 100 |
_aHelm, Paul. _913322 |
||
| 245 | 0 | 0 |
_aJonathan Edwards : _bphilosophical theologian / _cedited by Paul Helm and Oliver Crisp. |
| 260 |
_aAldershot, Hants, England : _aBurlington, VT : _bAshgate, _cc2003. |
||
| 300 |
_axvi, 165 p. ; _c24 cm. |
||
| 504 | _aIncludes bibliographical references and index. | ||
| 600 | 1 | 0 |
_aEdwards, Jonathan, _d1703-1758. _913323 |
| 700 | 1 |
_aHelm, Paul. _913324 |
|
| 700 | 1 |
_aCrisp, Oliver. _913325 |
|
| 906 |
_a7 _bcbc _corignew _d1 _eocip _f20 _gy-gencatlg |
||
| 942 |
_2lcc _cMONOGRAPH |
||
| 999 |
_c121472 _d121472 |
||